| 000 | 00814nam a22002177a 4500 | ||
|---|---|---|---|
| 005 | 20251108164650.0 | ||
| 008 | 250721s1994 xx 000 0 ara d | ||
| 082 | 1 | 4 | _a519.02854/محم |
| 100 | 1 | _aالبطش، محمد وليد | |
| 245 | 1 | 0 |
_aدليل الباحث في إستخدام الحاسوب في التحليل الإحصائي : _bالرزمة الإحصائية / |
| 246 | 1 | 1 | _aSAS |
| 264 | 1 |
_aعمان : _bالجامعة الأردنية - برنامج البحث التربوي في كلية العلوم التربوية، _c1994. |
|
| 300 | _a102ص | ||
| 650 | 1 | 7 | _aنظرية الإحتمالات |
| 650 | 1 | 7 | _aالإحصاء الرياضي |
| 650 | 1 | 7 | _aالحواسيب |
| 650 | 1 | 7 | _aالإحصاءات |
| 700 | 1 | _aالعجلوني، خالد | |
| 942 |
_2ddc _cBK |
||
| 999 |
_c11306 _d11306 |
||